Information Technology Applications International Journal of Information Technology Applications

Na minha lista:
Detalhes bibliográficos
Formato: Periódico
Idioma:inglês
Publicado em: Bratislava Paneurópska vysoká škola 2024
Tags: Adicionar Tag
Sem tags, seja o primeiro a adicionar uma tag!

MARC

LEADER 00000nas2a2200000 4500
001 0308094
005 20250410125418.6
022 |a 2453-7497 
041 0 |a eng 
044 |a SK 
245 1 0 |a Information Technology Applications  |b International Journal of Information Technology Applications 
264 1 |a Bratislava  |b Paneurópska vysoká škola  |c 2024 
773 0 |w eu_un_cat*0149160